2015 Movies by Poster Quiz Stats

 Plays Quiz Updated Sep 1, 2016

Score 0/20 Timer 05:00
0 Plays Today
% Correct
The Martian
92.2%
The Revenant
81.5%
Star Wars: The Force Awakens
79.9%
Mad Max: Fury Road
74.5%
Creed
68.4%
The Good Dinosaur
53.8%
Sisters
51.8%
The Big Short
50.9%
Joy
49.3%
Concussion
49.1%
% Correct
The Hateful Eight
48.8%
Daddy's Home
47.1%
The Danish Girl
46.6%
Room
46%
Point Break
39.1%
Sicario
26.2%
Burnt
20.2%
Legend
19%
Spotlight
12.4%
Anomalisa
8.3%

You're not logged in!

Compare scores with friends on all Sporcle quizzes.
OR
Log In

Show Comments

Extras

Top Quizzes Today


Score Distribution

Your Account Isn't Verified!

In order to create a playlist on Sporcle, you need to verify the email address you used during registration. Go to your Sporcle Settings to finish the process.

Report this User

Report this user for behavior that violates our Community Guidelines.

Details: